000 00288nam a2200121Ia 4500
008 190216s9999||||xx |||||||||||||| ||und||
100 _aPrasad L M
245 0 _aPrinciples Of Principles Of Management
260 _bSulthan Chand&Sons
300 _a690
650 _aCommerce
942 _cBK
999 _c5678
_d5678